Normal view
MARC view
- Ibrahim bin Saad,
Entry Personal Name
001 - CONTROL NUMBER
- control field: 3254
003 - CONTROL NUMBER IDENTIFIER
- control field: OSt
005 - DATE AND TIME OF LATEST TRANSACTION
- control field: 20170511101918.0
008 - FIXED-LENGTH DATA ELEMENTS
- fixed length control field: 170511|| aca||aabn | a|a d
040 ## - CATALOGING SOURCE
- Original cataloging agency: OSt
- Transcribing agency: OSt
100 ## - HEADING--PERSONAL NAME
- Personal name: Ibrahim bin Saad,
- Relator term: tr.
670 ## - SOURCE DATA FOUND
- Source citation: Work cat.: (OSt)0: Mahathir Mohamad, Tun, 1925- 41, Dilema Melayu /, 1982

PORTAL AKMAL
E-MEL JKDM
AKMAL2U
G-BAM
u-PUSTAKA